|
|
|
|
| LEADER |
00000nam a22000007a 4500 |
| 005 |
20160519142621.0 |
| 007 |
cr|||| ||u| |
| 008 |
160519s2015 spa||||| |||| 00||0 spa d |
| 020 |
|
|
|a 978-84-944426-4-3
|
| 035 |
|
|
|a 14220
|
| 040 |
|
|
|a vLex
|
| 090 |
|
|
|c 6083
|d 6083
|
| 100 |
1 |
|
|a Benavente Chorres, Hesbert
|
| 245 |
1 |
0 |
|a La construccin̤ de los interrogatorios desde la teora̕ del caso
|h [Recurso electrn̤ico] /
|c Hesbert Benavente Chorres
|
| 256 |
|
|
|a Servicio en ln̕ea
|
| 260 |
|
|
|a Barcelona
|b J.M. Bosch Editor
|c 2015
|
| 300 |
|
|
|a 1 recurso electrn̤ico
|
| 506 |
1 |
|
|a Contenido solo disponible en los productos indicados
|d vLex Global
|d vLex Global (Academic Edition, excluding Law Schools)
|d vLex Global (U.S. Academic Edition, Law Schools)
|d vLex Global (U.S. Academic Edition, excluding Law Schools)
|d vLex Global (Academic Edition, Law Schools)
|
| 650 |
0 |
4 |
|a Derecho
|z Barcelona
|
| 740 |
0 |
|
|a vLex libros (servicio en ln̕ea)
|
| 856 |
0 |
4 |
|u http://vlex.com/source/construccion-interrogatorios-teoria-caso-14220
|z Acceso restringido
|
| 942 |
|
|
|c BOOK
|